000 00691cam a22002533a 4500
001 14679
003 PGUSA
005 20140828083320.0
008 050113s2005||||xxu|||||s|||||000 | eng d
040 _aPGUSA
_beng
042 _adc
050 4 _aBJ
100 1 _aSoulsby, Lucy Helen Muriel
245 1 0 _aStray Thoughts for Girls
_h[electronic resource] /
_cLucy Helen Muriel Soulsby
260 _bProject Gutenberg,
_c2005
506 _aPublic domain in the USA.
516 _aElectronic text
653 _aConduct of life
653 _aYoung women
653 _aCharacter
830 0 _aProject Gutenberg
_v14679
856 4 0 _uhttp://www.gutenberg.org/ebooks/14679
942 _cEB
999 _c243934
_d243934